Estadísticas para Ciudades más grandes en Europa

Haz click aquí para intentar la prueba.

Estadísticas generales

  • Esta prueba ha sido intentada 6.141 veces
    (1.591 desde el último reinicio)
  • La puntuación promedio es 31 de 50

Estadísticas de respuestas

PoblaciónCiudad% Correcto
6,65 MMadrid
99%
4,88 MBarcelona
98%
11,5 MParís
98%
14,9 MLondres
96%
3,43 MRoma
96%
4,85 MBerlín
95%
19,1 MMoscú
92%
6,10 MMilán
86%
3,58 MAtenas
82%
2,50 MLisboa
82%
2,53 MÁmsterdam
81%
1,53 MDublín
80%
1,92 MValencia
79%
3,48 MKiev
78%
2,75 MBruselas
77%
3,15 MMánchester
77%
2,50 MVarsovia
77%
2,30 MMúnich
76%
2,35 MViena
76%
2,50 MBudapest
75%
4,05 MNápoles
75%
2,28 MEstocolmo
74%
1,70 MMarsella
74%
2,20 MBucarest
73%
2,03 MLyon
69%
1,47 MPraga
69%
1,89 MLiverpool
67%
15,9 MEstambul
66%
1,53 MHelsinki
66%
1,55 MOporto
65%
6,50 MSan Petersburgo
64%
1,77 MCopenhague
59%
1,58 MTurín
58%
3,30 MFráncfort
55%
1,43 MBelgrado
52%
1,49 MZúrich
51%
2,10 MMinsk
50%
2,93 MHamburgo
49%
3,25 MBirmingham
45%
5,00 MColonia / Düsseldorf
44%
1,70 MGlasgow
40%
3,40 MRóterdam / La Haya
37%
2,23 MLeeds
30%
2,40 MStuttgart
21%
1,47 MNewcastle
18%
1,60 MJárkov
14%
1,59 MKazán
14%
1,54 MSheffield
14%
1,66 MNizhni Nóvgorod
12%
1,59 MMannheim
7%

Distribución de puntuación

Porcentaje por número respondido

Porcentaje de gente con cada puntuación

Historial de tus puntuaciones

No has intentado esta prueba desde el último reinicio